000 00297nam a2200109Ia 4500
008 230907s9999||||xx |||||||||||||| ||und||
082 _a725.23
_bASH
245 0 _aBest practices for datacom facility energy efficiency /
260 _aASHRAE,
_bAtlanta, GA :
_c2009
300 _a242 p.
942 _cBK
999 _c599507
_d599507